000 00446nam a22001697a 4500
003 koha_MIRAKIL
005 20231213095812.0
008 231213b |||||||| |||| 00| 0 ||| d
020 _b978-9-75003255-4
040 _aTR-IsEVY
_btur
_cTR-IsEVY
082 _aFIC ÇOB
245 0 _aÇoban ile yaban keçileri
_bTıntın ile Pınpın dizisi 5
260 _bDamla Yayınevi,
_c2008
300 _a16
650 _aGenel Konular.
942 _2ddc
_cBK
999 _c9675
_d9675